00309nam a22001337a 4500003000400000020001800004082001400022100001800036245005400054250000800108260003800116300000800154650001300162SGT a9789394792227 a610bT23C aChugh, S. N.  aTextbook of Clinical Medicine for Dental Students a5th aDelhi, IndiabArya Pub. Co.c2023 a629 aMedicine